000 00423 a2200145 4500
999 _c3825
_d3825
020 _a0582550440
050 _aP188.ERR 1997
100 _aRichards, Jack C.
_eeditor
245 _aError Analysis
_bperspective on second language acquisition
_cedited by Jack C . Richards
264 _aLondon
_bLongman
_c1997
300 _a189p.
500 _aIncludes index
650 _aLanguage acquisition
942 _2lcc
_cBK
_h118.2
_iERR
_kP